|
|
|
|
| LEADER |
00000cam a2200000 i 4500 |
| 001 |
1/88846 |
| 008 |
080613s1958 gre d |
| 035 |
|
|
|l 10098210
|
| 040 |
|
|
|a GR-MY-UA
|b gre
|e aacr
|
| 041 |
0 |
|
|a gre
|
| 082 |
0 |
|
|a 782.32219
|2 (22)
|
| 100 |
1 |
|
|a Μαργαζιώτης, Ιωάννης Δ.,
|d 1897-1983.
|
| 245 |
1 |
0 |
|a Θεωρητικόν βυζαντινής εκκλησιαστικής μουσικής /
|c Ιωάννου Δ. Μαργαζιώτη
|
| 260 |
|
|
|a [Αθήναι] :
|b [χ.ό.],
|c 1958
|
| 300 |
|
|
|a 128 σ.;
|c 24 εκ.
|
| 521 |
|
|
|a "Προς χρήσιν των σπουδαστών των ωδείων, των εκκλησιαστικών σχολών, των παιδαγωγικών ακαδημιών, των ιεροψαλτών και παντός φιλομούσου"
|
| 650 |
0 |
0 |
|a Byzantine chants.
|
| 710 |
2 |
|
|a Ιερά Σύνοδος της Εκκλησίας της Ελλάδος.
|
| 852 |
|
|
|a INST
|b RHODES
|c AKA
|e 20080613
|h 782.32219 ΜΑΡ
|p 005400027926
|q 005400027926
|t BK
|y 0
|
| 901 |
|
|
|a BIBL4-2008-2
|
| 909 |
|
|
|a Ρ
|b 150569
|
| 970 |
|
|
|a ΚΟΖΑ
|b ΜΑΡΙΑ
|z 2008/06/13
|